Report of Council 1908 (Record no. 99778)
[ view plain ]
| 000 -LEADER | |
|---|---|
| fixed length control field | 00823cam a22002055a 4500 |
| 001 - CONTROL NUMBER | |
| control field | ##J100721 |
| 008 - FIXED-LENGTH DATA ELEMENTS--GENERAL INFORMATION | |
| fixed length control field | 000000s1908 000 0 eng u |
| 035 ## - SYSTEM CONTROL NUMBER | |
| System control number | (Sirsi) u100721 |
| 041 0# - LANGUAGE CODE | |
| Language code of text/sound track or separate title | eng |
| 050 04 - LIBRARY OF CONGRESS CALL NUMBER | |
| Classification number | 692 $2 18 |
| 100 1# - MAIN ENTRY--PERSONAL NAME | |
| Personal name | Riley, Henry |
| 245 00 - TITLE STATEMENT | |
| Title | Report of Council 1908 |
| Remainder of title | and a paper on uniformity of measurement (steel and re-inforced concrete) with discussion |
| 260 ## - PUBLICATION, DISTRIBUTION, ETC. | |
| Place of publication, distribution, etc. | London |
| Name of publisher, distributor, etc. | Quantity Surveyors' Association |
| Date of publication, distribution, etc. | 1908 |
| 300 ## - PHYSICAL DESCRIPTION | |
| Extent | 46p. |
| Dimensions | 16cm. |
| 520 ## - SUMMARY, ETC. | |
| Summary, etc. | Annual General meeting took place on Friday 22 May, 1908. Following the formal business a paper was read regarding the system of using steel construction and reinforced concrete in modern buildings. |
| 651 #4 - SUBJECT ADDED ENTRY--GEOGRAPHIC NAME | |
| Geographic name | Great Britain |
| Chronological subdivision | 1707- |
| 690 ## - LOCAL SUBJECT ADDED ENTRY--TOPICAL TERM (OCLC, RLIN) | |
| Topical term or geographic name as entry element | Quantity surveying |
| 9 (RLIN) | 6263 |
| 710 2# - ADDED ENTRY--CORPORATE NAME | |
| Corporate name or jurisdiction name as entry element | Quantity Surveyors' Association |
| 9 (RLIN) | 3787 |
| 942 ## - ADDED ENTRY ELEMENTS (KOHA) | |
| Suppress in OPAC | 0 |
| Withdrawn status | Lost status | Source of classification or shelving scheme | Damaged status | Not for loan | Home library | Current library | Shelving location | Date acquired | Total Checkouts | Full call number | Barcode | Date last seen | Copy number | Price effective from | Koha item type |
|---|---|---|---|---|---|---|---|---|---|---|---|---|---|---|---|
| Dewey Decimal Classification | Historic collection | Historic collection | RICS Boxes | 22/10/1999 | RICS 1908/4 | 30059308 | 06/08/2019 | 1 | 06/08/2019 | Archive |